000 00498nam a2200193Ia 4500
005 20250425161112.0
008 250425s9999 xx 000 0 und d
041 _aeng
082 _a551.48094
100 _aALDWELL, C. R.
245 0 _aEXPLANATORY NOTES FOR THE INTERNATIONAL HIDROGEOLOGICAL MAP OF EUROPE: SHEET B4 LONDON
250 _aS.E.
260 _aFrancia
_bUNESCO
_c1978
260 _aPARIS
300 _a89
650 _aMAPAS HIDROGEOLOGICOS
942 _c01
010 _a12718
999 _c202466
_d202466